| 000 | 01031nam1a2200289 i 4500 | ||
|---|---|---|---|
| 001 | RU\NLR\bibl\1047219 | ||
| 005 | 20240920061621.0 | ||
| 035 | _a(NLR Aleph) 001034572 | ||
| 090 |
_a779983 _c779983 |
||
| 100 | _a20070216g20079999u y0rusy50 ca | ||
| 101 | 0 | _arus | |
| 102 | _aRU | ||
| 105 | _a||||z ||||| | ||
| 200 | 1 |
_aПрограмма здоровья тяньши на каждый день _eинтегративная биомедицина _fСергей Батечко |
|
| 210 |
_aМосква _cАСТ _cАстрель _d2007 |
||
| 215 | _d22 | ||
| 463 | 0 | _10011021907 | |
| 606 | 1 |
_aПищевые добавки "Тяньши" корпорации _xЛечебное применение _92339395 _3RU\NLR\auth\661398438 |
|
| 686 | _aР281.77-6 | ||
| 700 | 1 |
_aБатечко _bС. А. _gСергей Анатольевич _4070 |
|
| 801 | 0 |
_aRU _bNLR _c20070216 _gRCR |
|
| 801 | 1 |
_aRU _bNLR _c20070216 |
|
| 830 | _aавт. по кн. | ||
| 852 |
_aNLR _j2006-5/9323 |
||
| 942 | _cBOOK | ||